Termes de l'hydrologie - Statistiques

Statistiques générales
  • Ce quiz a été pris 18 fois
  • Le résultat moyen est 4 sur 15
Statistiques - réponses
Définition Terme % Correct
Cours d’eau qui se termine dans la mer ou l’océan, ou cours d’eau conséquent Fleuve
82%
Cours d'eau rejoignant un autre cours d'eau Affluent
76%
Endroit où débute un cours d’eau Source
71%
lieu où un affluent rejoint le cours d’eau dont il est l’affluent. On parle aussi de confluence Confluent
53%
Retour en surface d’une rivière souterraine dont l’eau s’était écoulée par des pertes Résurgence
29%
Inclinaison d’une couche de roche par rapport à l’horizontale Pendage
24%
Cours d'eau coulant dans le sens inversedu pendage Anaclinal
18%
Cours d'eau coulant dans le sens du pendage Cataclinal
18%
Cours d’eau dans lequel se jette un affluent Effluent
18%
Etude des eaux continentales, par opposition à l’océanographie Limnologie
18%
Cours d'eau coulant dans le sens perpendiculaireau pendage Orthoclinal
18%
Action consistant en la collecte d'eau Captage
6%
Cours d’eau qui se détache et ne rejoint pas en aval l’autre cours d’eau Défluent
6%
Surface d’eau close, qui ne rejoint aucune mer Endoréisme
6%
Surface d’eau qui rejoint une mer Exoréisme
6%
Aucun quiz correspondant
Distribution des résultats
% des personnes avec chaque résultat
Percentile par nombre de réponses
Votre historique - résultats
Vous n’avez pas pris ce quiz